000 00291nam a2200121Ia 4500
008 190216s9999||||xx |||||||||||||| ||und||
100 _aKoyakutty Moulavi
245 0 _aRazool Kareem
260 _bIslamic Publishing House
_c1987
300 _a314p
650 _aIslamic History
942 _cBK
999 _c21979
_d21979